34 - Né(es) un 3 février - Statistiques

Statistiques générales
  • Ce quiz a été pris 6 fois
  • Le résultat moyen est 4 sur 13
Statistiques - réponses
Hint Année de naissance Réponse % Correct
Actrice française. Tient le rôle principal de la série "Capitaine Marleau". 1964 Corinne Masiero
83%
Philosophe française. A écrit "L'Enracinement", "La Condition ouvrière", "Réflexions sur les causes de la liberté et de l'oppression sociale", "Cahiers", "Attente de Dieu", "La Pesanteur et la grâce". Homonyme d'une femme politique française enterrée au Panthéon. 1909 Simone Weil
83%
Écrivain et réalisateur français. Connu pour "Nous sommes tous des assassins", "Le Passage du Rhin", "La Vie conjugale", "Les Risques du métier", "Mourir d'aimer". 1909 André Cayatte
50%
Illustrateur américain. Travailla pour "The Saturday Evening Post" de 1913 à 1916. Réalisa la série d'affiche "Les Quatre Libertés". Un musée porte son nom à Stockbridge. 1894 Norman Rockwell
33%
Homme politique français. Devint maire du Mans en 2018. Ancien député et ancien ministre de l'Agriculture de 2012 à 2017. 1960 Stéphane Le Foll
33%
Acteur français. Vu dans "Le Péril jeune", "La Vérité si je mens !", "Les Randonneurs", "Embrassez qui vous voudrez", "Le Dernier Gang", "L'Assaut", "La Vérité si je mens ! 3", "Il a déjà tes yeux". 1971 Vincent Elbaz
33%
Producteur français dont le nom est associé aux programmes du "Club Dorothé" et aux sitcoms à la française. 1947 Claude Berda
17%
Poétesse, écrivaine, dramaturge et féministe américaine. Contribua à la diffusion du cubisme et plus particulièrement de l'œuvre de Picasso, de Matisse et de Cézanne. Autrice d'"Autobiographie d’Alice Toklas". 1874 Gertrude Stein
17%
Fille de Pierre Ier, duc de Bourbon, et d'Isabelle de Valois. Reine de France par son mariage avec Charles V. 1338 Jeanne de Bourbon
17%
Surfeur américain. Doublure de James Bond en 2002 dans la scène d'ouverture de "Meurs un autre jour". Vit à Hawaii. 1964 Laird Hamilton
17%
Auteur américain de "Seul dans le noir", "Le Livre des illusions", "Léviathan", "Brooklyn Boogie", "Trilogie new-yorkaise". 1947 Paul Benjamin Auster
17%
Homme politique français. Ministre et père de ministre. Il fut vice-président de la Commission européenne ainsi que membre du Conseil constitutionnel. 1937 Jacques Barrot
0%
Homme politique français. Ethnologue et académicien. Député gaulliste. Plusieurs fois ministre. Puis partisan de l'Algérie française. La fin de sa vie fut assombrie par un scandale financier. 1912 Jacques Soustelle
0%
Aucun quiz correspondant
Distribution des résultats
% des personnes avec chaque résultat
Percentile par nombre de réponses
Votre historique - résultats
Vous n’avez pas pris ce quiz